"ज्ञानपीठ पुरस्कारित प्रतिभा : नाट्यात्म दर्शने - विंदा, कुसुमाग्रज, खांडेकर " (Record no. 1343267)

MARC details
000 -LEADER
fixed length control field 01188nam a2200181Ia 4500
008 - FIXED-LENGTH DATA ELEMENTS--GENERAL INFORMATION
fixed length control field 151202s9999||||xx |||||||||||||| ||und||
082 ## - DEWEY DECIMAL CLASSIFICATION NUMBER
Item number PNVM-76608
100 ## - MAIN ENTRY--PERSONAL NAME
Personal name पाटील मधू
245 ## - TITLE STATEMENT
Title "ज्ञानपीठ पुरस्कारित प्रतिभा : नाट्यात्म दर्शने - विंदा, कुसुमाग्रज, खांडेकर "
260 ## - PUBLICATION, DISTRIBUTION, ETC. (IMPRINT)
Name of publisher, distributor, etc "राजेंद्र प्रकाशन, महाराजा बिल्डिंग, पहिला मजला, गिरगाव, मुंबई 400004 "
260 ## - PUBLICATION, DISTRIBUTION, ETC. (IMPRINT)
Date of publication, distribution, etc 2015
300 ## - PHYSICAL DESCRIPTION
Extent 144
600 ## - SUBJECT ADDED ENTRY--PERSONAL NAME
Personal name पाटील मधू
630 ## - SUBJECT ADDED ENTRY--UNIFORM TITLE
Uniform title "ज्ञानपीठ पुरस्कारित प्रतिभा : नाट्यात्म दर्शने - विंदा, कुसुमाग्रज, खांडेकर "
700 ## - ADDED ENTRY--PERSONAL NAME
Personal name पाटील मधू
730 ## - ADDED ENTRY--UNIFORM TITLE
Uniform title "ज्ञानपीठ पुरस्कारित प्रतिभा : नाट्यात्म दर्शने - विंदा, कुसुमाग्रज, खांडेकर "
942 ## - ADDED ENTRY ELEMENTS (KOHA)
Koha item type Book
Holdings
Withdrawn status Lost status Damaged status Not for loan Home library Current library Date acquired Cost, normal purchase price Total Checkouts Full call number Barcode Date last seen Cost, replacement price Price effective from Koha item type
        Pune Nagar Vachan Mandir, Pune Pune Nagar Vachan Mandir, Pune 06/28/2015 150.00   PNVM-76608 PNVM-76608 12/02/2015 150.00 12/02/2015 Book